000 00686cam a2200205 a 4500
001 000008861
005 20200929161427.0
008 900301s1989 fr b 001 0 fre
020 _a2876790408
040 _aDO-SdBNP
_bspa
_cBNPHU
082 _a860.4
_bM843c
100 1 _aMoreno, Fernando,
_d1948-
_923415
245 1 0 _aCarlos Fuentes :
_bLa mort d'Artemio Cruz : entre le mythe et l'histoire /
_cFernando Moreno.
260 _aParis :
_bCaribéennes,
_c1989.
300 _a152 p. ;
_c21 cm.
490 1 _aTropismes
_v1
504 _aReferencias bibliográficas p. 145-[149].
650 4 _aLiteratura mexicana
_91922
600 1 4 _aFUENTES, CARLOS,
_d1928-
_tMuerte de Artemio Cruz.
_923416
999 _c8630
_d8630